[Event "WLS-chA 68th"]
[Site "Cardiff"]
[Date "2024.03.30"]
[Round "4"]
[White "Blackburn, Jonathan LB"]
[Black "Rees, Ioan"]
[Result "1-0"]
[WhiteElo "2191"]
[BlackElo "2272"]
[PlyCount "43"]
[EventDate "2024.03.29"]
[EventType "swiss"]
[EventRounds "7"]
[EventCountry "WLS"]
[SourceTitle "CB14_2024"]
[SourceDate "2024.04.01"]
[SourceVersion "1"]
[SourceVersionDate "2024.04.01"]
[SourceQuality "1"]

1. d4 Nf6 2. c4 e6 3. Nc3 Bb4 4. e3 0-0 5. Bd2 d5 6. Nf3 b6 7. cxd5 exd5 8. Qc2 Bb7 9. a3 Be7 10. b4 Nbd7 11. Ne5 c5 12. bxc5 bxc5 13. Nxd7 Qxd7 14. Bb5 Qg4 15. 0-0 cxd4 16. f3 Qh4 17. g3 Qh5 18. exd4 Ne8 19. Rae1 Bd6 20. Ne2 Nc7 21. Bd7 Bc8 22. Bf4 1-0

[Event "Titled Tuesday intern op 13th Feb Late"]
[Site "Chess.com INT"]
[Date "2024.02.13"]
[Round "1"]
[White "Yagupov, Igor"]
[Black "Blackburn, Jonathan LB"]
[Result "1-0"]
[WhiteElo "2290"]
[BlackElo "2178"]
[PlyCount "89"]
[EventDate "2024.02.13"]
[EventType "swiss (blitz)"]
[EventRounds "11"]
[EventCountry "USA"]
[SourceTitle "CB08_2024"]
[SourceDate "2024.02.21"]
[SourceVersion "1"]
[SourceVersionDate "2024.02.21"]
[SourceQuality "1"]

1. e4 d5 2. exd5 Qxd5 3. Nc3 Qa5 4. d4 Nf6 5. Nf3 Bf5 6. Bc4 e6 7. Bd2 Bb4 8. a3 Bxc3 9. Bxc3 Qb6 10. 0-0 0-0 11. Ne5 Nbd7 12. Nxd7 Nxd7 13. d5 exd5 14. Qxd5 Be6 15. Qg5 f6 16. Qg4 Bxc4 17. Qxc4+ Kh8 18. Rfe1 Ne5 19. Qe4 Rad8 20. h3 Nf7 21. Rad1 Nd6 22. Qf4 Qc6 23. Re7 Rde8 24. Ree1 b6 25. h4 a5 26. h5 Nb5 27. Rxe8 Rxe8 28. h6 Nxc3 29. hxg7+ Kxg7 30. bxc3 Re7 31. Rd3 Kf7 32. Qh6 Ke8 33. Qh5+ Kf8 34. Rd8+ Re8 35. Rd3 Re1+ 36. Kh2 Re8 37. Qh6+ Kg8 38. Rg3+ Kf7 39. Qxh7+ Ke6 40. Re3+ Kd5 41. Qf5+ Kc4 42. Qd3+ Kc5 43. a4 Qd6+ 44. Qxd6+ cxd6 45. Rxe8 1-0

[Event "Titled Tuesday intern op 06th Feb Late"]
[Site "Chess.com INT"]
[Date "2024.02.06"]
[Round "1"]
[White "Blackburn, Jonathan LB"]
[Black "Oglaza, Oskar"]
[Result "0-1"]
[WhiteElo "2178"]
[BlackElo "2304"]
[PlyCount "94"]
[EventDate "2024.02.06"]
[EventType "swiss (blitz)"]
[EventRounds "11"]
[EventCountry "USA"]
[SourceTitle "CB07_2024"]
[SourceDate "2024.02.14"]
[SourceVersion "1"]
[SourceVersionDate "2024.02.14"]
[SourceQuality "1"]

1. d4 Nf6 2. Bg5 d5 3. e3 c5 4. Nf3 Nc6 5. Bb5 a6 6. Bxc6+ bxc6 7. 0-0 e6 8. Ne5 Qc7 9. Nc3 Bd6 10. Bf4 0-0 11. Na4 cxd4 12. exd4 Nd7 13. Re1 Rb8 14. b3 Rd8 15. Qh5 g6 16. Qh3 Nxe5 17. Bxe5 Bxe5 18. Rxe5 f6 19. Ree1 e5 20. Qf3 Qd6 21. Nc5 exd4 22. Nd3 c5 23. Nf4 Bf5 24. Nxd5 Kf7 25. Ne7 Be6 26. Nc6 Bd5 27. Nxd8+ Rxd8 28. Qg3 Qc6 29. Rad1 Be6 30. h4 c4 31. bxc4 Qxc4 32. Qd3 Qc6 33. h5 Rd7 34. hxg6+ hxg6 35. Rc1 Bf5 36. Qf3 Qc4 37. c3 d3 38. Qe3 Be6 39. a3 f5 40. Rcd1 f4 41. Qe5 f3 42. Re4 Qd5 43. Rf4+ Ke7 44. Qg7+ Kd6 45. Qf8+ Kc7 46. Rd4 Qe5 47. Rxd7+ Bxd7 0-1

[Event "BCF-chT2 2324 (4NCL)"]
[Site "England"]
[Date "2024.01.13"]
[Round "3.2"]
[White "Blackburn, Jonathan LB"]
[Black "Graham, David Bruce"]
[Result "0-1"]
[WhiteElo "2178"]
[BlackElo "2163"]
[PlyCount "108"]
[EventDate "2023.11.11"]
[EventType "team-tourn"]
[EventRounds "11"]
[EventCountry "ENG"]
[SourceTitle "CB11_2024"]
[SourceDate "2024.03.13"]
[SourceVersion "1"]
[SourceVersionDate "2024.03.13"]
[SourceQuality "1"]
[WhiteTeam "The Audible Checks"]
[BlackTeam "Sussex Martlets"]
[WhiteTeamCountry "ENG"]
[BlackTeamCountry "ENG"]

1. d4 d5 2. c4 c6 3. Nc3 Nf6 4. e3 Bf5 5. cxd5 cxd5 6. Qb3 Bc8 7. Nf3 e6 8. Bd3 Be7 9. 0-0 0-0 10. Bd2 Nc6 11. Rfc1 Bd7 12. a3 Rc8 13. Qd1 Bd6 14. b4 a6 15. Qb3 e5 16. dxe5 Nxe5 17. Nxe5 Bxe5 18. f4 Bb8 19. Nxd5 Nxd5 20. Qxd5 Bc6 21. Qxd8 Rcxd8 22. Rc3 g5 23. g3 gxf4 24. gxf4 Rd6 25. Be1 Ba7 26. Be2 Re8 27. Bf2 Rde6 28. Kf1 Bxe3 29. f5 Re5 30. Bxe3 Rxe3 31. Rxe3 Rxe3 32. Kf2 Rh3 33. Rg1+ Kf8 34. Rg3 Rxh2+ 35. Ke3 Ke7 36. Bc4 Kf6 37. Kd4 h5 38. Rg8 Rh4+ 39. Kc5 Rf4 40. Bd3 Be4 41. Bxe4 Rxe4 42. Kb6 Re3 43. Kxb7 Rxa3 44. Kb6 h4 45. Ra8 Ra4 46. Kc5 h3 47. Rh8 Ra3 48. Rh7 Kxf5 49. Rxf7+ Kg4 50. Rg7+ Kf3 51. Rh7 Kg2 52. Kb6 h2 53. Rg7+ Rg3 54. Rh7 Rg6+ 0-1

[Event "Titled Tuesday intern op 24th Oct Late"]
[Site "Chess.com INT"]
[Date "2023.10.24"]
[Round "3"]
[White "Bongo Akanga Ndjila, Barthelemy"]
[Black "Blackburn, Jonathan LB"]
[Result "0-1"]
[WhiteElo "1824"]
[BlackElo "2189"]
[PlyCount "102"]
[EventDate "2023.10.24"]
[EventType "swiss (blitz)"]
[EventRounds "11"]
[EventCountry "USA"]
[SourceTitle "Mega2024 Update 01"]
[Source "Chessbase"]
[SourceDate "2023.11.12"]
[SourceVersion "1"]
[SourceVersionDate "2023.11.12"]
[SourceQuality "1"]

1. d4 Nf6 2. c4 e6 3. Nf3 Bb4+ 4. Bd2 Bxd2+ 5. Qxd2 d5 6. Nc3 0-0 7. e3 Nc6 8. a3 Re8 9. Rd1 a6 10. cxd5 exd5 11. h3 Bf5 12. Nh4 Ne4 13. Nxe4 Bxe4 14. Nf3 Bxf3 15. gxf3 Qf6 16. f4 Qxf4 17. Bd3 Qf3 18. Rh2 g6 19. Be2 Qf6 20. h4 Re4 21. h5 Rh4 22. Rxh4 Qxh4 23. hxg6 hxg6 24. Bf3 Rd8 25. Ke2 Qf6 26. Rh1 Re8 27. Bxd5 Nxd4+ 28. Kd1 Rd8 29. exd4 Rxd5 30. Qh6 Qxd4+ 31. Kc1 Qg7 32. Qe3 Rd8 33. Qe7 Qf8 34. Qe5 Qg7 35. Qe7 Qd4 36. Kb1 Rf8 37. Qxc7 Qe4+ 38. Ka2 Qxh1 39. Qc3 Qd5+ 40. b3 Rd8 41. a4 Qd2+ 42. Qxd2 Rxd2+ 43. Ka3 Rxf2 44. Kb4 Rf3 45. Ka5 b5 46. b4 bxa4 47. Kxa4 Rf4 48. Ka5 Rxb4 49. Kxb4 g5 50. Ka5 g4 51. Kxa6 g3 0-1

[Event "Titled Tuesday intern op 19th Sep Late"]
[Site "Chess.com INT"]
[Date "2023.09.19"]
[Round "1"]
[White "Blackburn, Jonathan LB"]
[Black "Bakalchuk, Johnatan"]
[Result "0-1"]
[WhiteElo "2198"]
[BlackElo "2450"]
[PlyCount "86"]
[EventDate "2023.09.19"]
[EventType "swiss (blitz)"]
[EventRounds "11"]
[EventCountry "USA"]
[SourceTitle "EXT 2024"]
[Source "ChessBase"]
[SourceDate "2023.10.10"]
[SourceVersion "1"]
[SourceVersionDate "2023.10.10"]
[SourceQuality "1"]

1. d4 Nf6 2. c4 g6 3. Nc3 Bg7 4. e4 0-0 5. Be2 d6 6. Be3 Na6 7. Nf3 c6 8. 0-0 e5 9. dxe5 dxe5 10. Qxd8 Rxd8 11. h3 Nh5 12. Rfd1 Re8 13. a3 Nf4 14. Bf1 Ne6 15. b4 f5 16. c5 f4 17. Bd2 Nd4 18. Bc4+ Be6 19. Bxe6+ Rxe6 20. Kf1 Rd8 21. Rab1 Re7 22. Na4 Red7 23. Nxd4 Rxd4 24. Ke2 Rxe4+ 25. Kf1 Red4 26. Ke2 g5 27. f3 e4 28. Bc3 Rxd1 29. Rxd1 exf3+ 30. gxf3 Rxd1 31. Kxd1 Nc7 32. Bxg7 Kxg7 33. Nc3 Ne6 34. Ne4 Kg6 35. Nd6 b6 36. b5 cxb5 37. c6 Nc7 38. Nc8 Kf6 39. Nxa7 Ke5 40. Nc8 Kd5 41. Ne7+ Kd6 42. Ng8 Nd5 43. c7 Kxc7 0-1

[Event "Titled Tuesday intern op 12th Sep Late"]
[Site "Chess.com INT"]
[Date "2023.09.12"]
[Round "1"]
[White "Riehle, Marco"]
[Black "Blackburn, Jonathan LB"]
[Result "1-0"]
[WhiteElo "2368"]
[BlackElo "2198"]
[PlyCount "91"]
[EventDate "2023.09.12"]
[EventType "swiss (blitz)"]
[EventRounds "11"]
[EventCountry "USA"]
[SourceTitle "EXT 2024"]
[Source "ChessBase"]
[SourceDate "2023.10.10"]
[SourceVersion "1"]
[SourceVersionDate "2023.10.10"]
[SourceQuality "1"]

1. e4 e6 2. c4 c5 3. Nf3 Nc6 4. Nc3 d6 5. d4 cxd4 6. Nxd4 Nxd4 7. Qxd4 Ne7 8. Be3 Nc6 9. Qd2 Be7 10. Be2 0-0 11. 0-0 b6 12. Rfd1 Bb7 13. Rac1 a6 14. f3 Rc8 15. Bf1 Qc7 16. Qf2 Bd8 17. Nd5 exd5 18. cxd5 Qd7 19. dxc6 Rxc6 20. Rxc6 Qxc6 21. Rc1 Qa4 22. b3 Qb4 23. Qd2 Qxd2 24. Bxd2 b5 25. Be3 d5 26. e5 Re8 27. Bd4 f6 28. exf6 Bxf6 29. Bxf6 gxf6 30. Kf2 Kf7 31. Bd3 h6 32. Rc7+ Re7 33. Bg6+ Ke6 34. Bf5+ Kf7 35. Rxe7+ Kxe7 36. Ke3 Kd6 37. Kd4 Bc6 38. b4 Be8 39. Bc8 Bc6 40. g4 Kc7 41. Bf5 Kd6 42. h4 Be8 43. Bc8 Bc6 44. Bxa6 Kc7 45. Kc5 Bb7 46. Bxb7 1-0

[Event "Titled Tuesday intern op 05th Sep Late"]
[Site "Chess.com INT"]
[Date "2023.09.05"]
[Round "7"]
[White "Blackburn, Jonathan LB"]
[Black "Gao, Raymond"]
[Result "1/2-1/2"]
[WhiteElo "2198"]
[BlackElo "2001"]
[PlyCount "128"]
[EventDate "2023.09.05"]
[EventType "swiss (blitz)"]
[EventRounds "11"]
[EventCountry "USA"]
[SourceTitle "EXT 2024"]
[Source "ChessBase"]
[SourceDate "2023.10.10"]
[SourceVersion "1"]
[SourceVersionDate "2023.10.10"]
[SourceQuality "1"]

1. d4 Nf6 2. c4 e6 3. Nf3 d5 4. Nc3 Bb4 5. cxd5 exd5 6. Bg5 0-0 7. e3 h6 8. Bxf6 Qxf6 9. Qb3 c5 10. dxc5 Bxc3+ 11. Qxc3 Qxc3+ 12. bxc3 Be6 13. Ne5 Rc8 14. Nd3 Nd7 15. Kd2 Nxc5 16. Nxc5 Rxc5 17. Bd3 Rac8 18. Rhc1 Kf8 19. Rab1 b6 20. Rb5 Ke7 21. h3 Kd6 22. f4 Bd7 23. Rxc5 bxc5 24. c4 Be6 25. f5 dxc4 26. fxe6 cxd3 27. exf7 c4 28. Rxc4 Rf8 29. Rd4+ Ke5 30. Rd7 a5 31. Kxd3 Ke6 32. Ra7 Rd8+ 33. Ke4 Rb8 34. a3 Rc8 35. g4 Rc4+ 36. Kd3 Rc8 37. e4 Rd8+ 38. Ke3 Rb8 39. h4 g5 40. hxg5 hxg5 41. Rxa5 Kxf7 42. Rxg5 Rb3+ 43. Kf4 Rxa3 44. Rb5 Ra1 45. Rb6 Ra2 46. Kf5 Rf2+ 47. Kg5 Re2 48. Rf6+ Ke7 49. Rf4 Ke6 50. Kg6 Ke5 51. Rf8 Rg2 52. g5 Kxe4 53. Kh6 Ke5 54. g6 Rh2+ 55. Kg7 Ke6 56. Kg8 Ke7 57. g7 Rh3 58. Rf1 Ra3 59. Re1+ Kf6 60. Rf1+ Kg6 61. Kh8 Rh3+ 62. Kg8 Ra3 63. Rg1+ Kf6 64. Rf1+ Kg6 1/2-1/2

[Event "Titled Tuesday intern op 05th Sep Late"]
[Site "Chess.com INT"]
[Date "2023.09.05"]
[Round "9"]
[White "Blackburn, Jonathan LB"]
[Black "Petrova, Irina"]
[Result "1-0"]
[WhiteElo "2198"]
[BlackElo "2108"]
[PlyCount "49"]
[EventDate "2023.09.05"]
[EventType "swiss (blitz)"]
[EventRounds "11"]
[EventCountry "USA"]
[SourceTitle "EXT 2024"]
[Source "ChessBase"]
[SourceDate "2023.10.10"]
[SourceVersion "1"]
[SourceVersionDate "2023.10.10"]
[SourceQuality "1"]

1. d4 d6 2. Nf3 g6 3. h4 h5 4. e4 Bg7 5. Bd3 a6 6. Nc3 Bg4 7. Qe2 Nc6 8. Qe3 Bxf3 9. Qxf3 Nxd4 10. Qg3 Nf6 11. Be3 Nc6 12. Be2 0-0 13. f4 Nb4 14. 0-0-0 Ng4 15. Bxg4 hxg4 16. e5 Qc8 17. a3 Nc6 18. exd6 cxd6 19. h5 Qf5 20. hxg6 fxg6 21. Rh4 d5 22. Rxd5 Qe6 23. Rxg4 Qxg4 24. Qxg4 Kf7 25. f5 1-0

[Event "Titled Tuesday intern op 05th Sep Late"]
[Site "Chess.com INT"]
[Date "2023.09.05"]
[Round "3"]
[White "Janaszak, Dawid"]
[Black "Blackburn, Jonathan LB"]
[Result "1-0"]
[WhiteElo "2302"]
[BlackElo "2198"]
[PlyCount "135"]
[EventDate "2023.09.05"]
[EventType "swiss (blitz)"]
[EventRounds "11"]
[EventCountry "USA"]
[SourceTitle "EXT 2024"]
[Source "ChessBase"]
[SourceDate "2023.10.10"]
[SourceVersion "1"]
[SourceVersionDate "2023.10.10"]
[SourceQuality "1"]

1. e4 e6 2. d4 d5 3. Bd3 dxe4 4. Bxe4 Nf6 5. Bf3 Nbd7 6. Ne2 Bd6 7. 0-0 e5 8. Ng3 0-0 9. Nc3 exd4 10. Qxd4 Ne5 11. Be2 Bg4 12. Nb5 Bxe2 13. Nxe2 Nc6 14. Qh4 Be7 15. Qg3 a6 16. Nbc3 Bd6 17. Qh4 Ne5 18. Bg5 Ng6 19. Qd4 Be7 20. Rad1 Qxd4 21. Nxd4 h6 22. Bc1 Rfd8 23. Nf5 Bf8 24. Ne3 b5 25. a3 Nf4 26. g3 Ne6 27. Kg2 c6 28. h3 a5 29. Ne2 Ne4 30. f3 Nf6 31. Nf5 Rxd1 32. Rxd1 Rd8 33. Rxd8 Nxd8 34. Be3 h5 35. Bb6 Nb7 36. Nfd4 Nd5 37. Ba7 b4 38. a4 c5 39. Nb3 Ne3+ 40. Kf2 Nxc2 41. Nf4 g6 42. Ke2 c4 43. Nd2 Bc5 44. Bxc5 Nxc5 45. Nxc4 Nxa4 46. Nd3 Nd4+ 47. Ke3 Nc6 48. Ke4 b3 49. Kd5 Ne7+ 50. Ke5 Nc6+ 51. Kd5 Ne7+ 52. Ke4 Nc6 53. Nd2 Nb6 54. Nxb3 a4 55. Nd4 Na5 56. Nb5 Nac4 57. Nc3 Kg7 58. Kd4 a3 59. bxa3 Nxa3 60. Ne4 Nc2+ 61. Kc5 Nd7+ 62. Kd6 Nf6 63. Ke5 Nxe4 64. Kxe4 Na3 65. f4 Nb5 66. Nf2 Nd6+ 67. Kd5 Nf5 68. Ne4 1-0

[Event "Titled Tuesday intern op 05th Sep Late"]
[Site "Chess.com INT"]
[Date "2023.09.05"]
[Round "11"]
[White "Korol, Dimitry"]
[Black "Blackburn, Jonathan LB"]
[Result "1-0"]
[WhiteElo "2287"]
[BlackElo "2198"]
[PlyCount "65"]
[EventDate "2023.09.05"]
[EventType "swiss (blitz)"]
[EventRounds "11"]
[EventCountry "USA"]
[SourceTitle "EXT 2024"]
[Source "ChessBase"]
[SourceDate "2023.10.10"]
[SourceVersion "1"]
[SourceVersionDate "2023.10.10"]
[SourceQuality "1"]

1. d4 Nf6 2. c4 g6 3. Nc3 Bg7 4. e4 d6 5. Nf3 0-0 6. Be2 e5 7. dxe5 dxe5 8. Qxd8 Rxd8 9. Bg5 Rf8 10. 0-0-0 c6 11. Nxe5 Nxe4 12. Nxe4 Bxe5 13. f4 Bg7 14. Nd6 Na6 15. Be7 Be6 16. Bxf8 Bxf8 17. Nxb7 Rb8 18. Nd8 Bf5 19. Nxc6 Rb6 20. Nd4 Nb4 21. Nxf5 Nxa2+ 22. Kc2 Nb4+ 23. Kb1 gxf5 24. Rhe1 h6 25. Bd3 Bg7 26. Bxf5 Nc6 27. Re8+ Bf8 28. Rd6 Kg7 29. Rd7 Ba3 30. Ka2 Bxb2 31. Be6 Nb4+ 32. Kxb2 Rxe6 33. Rxe6 1-0

[Event "Titled Tuesday intern op 29th Aug Late"]
[Site "Chess.com INT"]
[Date "2023.08.29"]
[Round "1"]
[White "Blackburn, Jonathan LB"]
[Black "Livaic, Leon"]
[Result "0-1"]
[WhiteElo "2197"]
[BlackElo "2558"]
[PlyCount "42"]
[EventDate "2023.08.29"]
[EventType "swiss (blitz)"]
[EventRounds "11"]
[EventCountry "USA"]
[SourceTitle "EXT 2024"]
[Source "ChessBase"]
[SourceDate "2023.10.10"]
[SourceVersion "1"]
[SourceVersionDate "2023.10.10"]
[SourceQuality "1"]

1. d4 Nf6 2. c4 e6 3. Nf3 c5 4. d5 d6 5. Nc3 exd5 6. cxd5 g6 7. h3 Bg7 8. e4 0-0 9. Bd3 Re8 10. 0-0 Nbd7 11. Bg5 Ne5 12. Nxe5 Rxe5 13. f4 Rxg5 14. fxg5 Nd7 15. Qd2 Ne5 16. Kh1 Bd7 17. Bb5 Bxb5 18. Nxb5 a6 19. Nc3 b5 20. a4 Nc4 21. Ne2 Nxd2 0-1

[Event "Titled Tuesday intern op 22nd Aug Late"]
[Site "Chess.com INT"]
[Date "2023.08.22"]
[Round "8"]
[White "Haydon, David Leslie"]
[Black "Blackburn, Jonathan LB"]
[Result "0-1"]
[WhiteElo "2230"]
[BlackElo "2197"]
[PlyCount "52"]
[EventDate "2023.08.22"]
[EventType "swiss (blitz)"]
[EventRounds "11"]
[EventCountry "USA"]
[SourceTitle "EXT 2024"]
[Source "ChessBase"]
[SourceDate "2023.10.10"]
[SourceVersion "1"]
[SourceVersionDate "2023.10.10"]
[SourceQuality "1"]

1. d4 Nf6 2. Nf3 g6 3. c4 Bg7 4. Nc3 d6 5. e4 0-0 6. h3 Nbd7 7. Bd3 e5 8. d5 Nc5 9. 0-0 Nxd3 10. Qxd3 Nh5 11. g4 Nf4 12. Bxf4 exf4 13. Rfe1 Qe7 14. b4 a5 15. a3 axb4 16. axb4 Rxa1 17. Rxa1 f5 18. exf5 gxf5 19. Re1 Qf6 20. Nb5 fxg4 21. hxg4 Bxg4 22. Nh2 Bf5 23. Qf3 Qg6+ 24. Kf1 Bd3+ 25. Re2 Re8 26. Qxd3 Qxd3 0-1

[Event "Titled Tuesday intern op 15th Aug Late"]
[Site "Chess.com INT"]
[Date "2023.08.15"]
[Round "5"]
[White "Blackburn, Jonathan LB"]
[Black "Osmak, Iulija"]
[Result "1-0"]
[WhiteElo "2197"]
[BlackElo "2444"]
[PlyCount "139"]
[EventDate "2023.08.15"]
[EventType "swiss (blitz)"]
[EventRounds "11"]
[EventCountry "USA"]
[SourceTitle "EXT 2024"]
[Source "ChessBase"]
[SourceDate "2023.10.10"]
[SourceVersion "1"]
[SourceVersionDate "2023.10.10"]
[SourceQuality "1"]

1. d4 Nf6 2. c4 e6 3. Nf3 c5 4. d5 d6 5. Nc3 exd5 6. cxd5 g6 7. h3 Bg7 8. e4 0-0 9. Bd3 Nh5 10. 0-0 Nd7 11. Bg5 Bf6 12. Bh6 Re8 13. Be2 Ng7 14. Bf4 Ne5 15. Nxe5 Bxe5 16. Bxe5 Rxe5 17. f4 Re8 18. Bf3 f5 19. e5 dxe5 20. fxe5 Rxe5 21. Re1 Rxe1+ 22. Qxe1 a6 23. d6 Qxd6 24. Rd1 Qf8 25. Qe5 Be6 26. Bxb7 Re8 27. Bc6 Re7 28. Qxc5 Rc7 29. Qxf8+ Kxf8 30. Bd5 Bc8 31. Kf2 Ne6 32. g3 Ke7 33. Ke3 Kf6 34. Bb3 Rc6 35. h4 Nc5 36. Nd5+ Ke5 37. Bc4 Be6 38. b3 Ne4 39. Rc1 Nxg3 40. Ne7 f4+ 41. Kf3 Rd6 42. Re1+ Kf6 43. Bxe6 Rxe6 44. Nd5+ Kf7 45. Rxe6 Kxe6 46. Nxf4+ Kf5 47. Kxg3 g5 48. hxg5 Kxg5 49. b4 Kf5 50. a4 Ke4 51. b5 axb5 52. axb5 Ke5 53. b6 Kd6 54. Nd5 Kc6 55. Kh4 Kb7 56. Kh5 Kc6 57. Kh6 Kxd5 58. b7 Kc6 59. b8Q Kc5 60. Qd8 Kc4 61. Kxh7 Kc3 62. Kg6 Kc2 63. Kf5 Kc3 64. Ke4 Kc2 65. Ke3 Kc3 66. Qc8+ Kb4 67. Kd4 Ka5 68. Qb8 Ka6 69. Kc5 Ka5 70. Qb5# 1-0

[Event "Titled Tuesday intern op 15th Aug Late"]
[Site "Chess.com INT"]
[Date "2023.08.15"]
[Round "7"]
[White "Djordjevic, Vuk D"]
[Black "Blackburn, Jonathan LB"]
[Result "1-0"]
[WhiteElo "2373"]
[BlackElo "2197"]
[PlyCount "133"]
[EventDate "2023.08.15"]
[EventType "swiss (blitz)"]
[EventRounds "11"]
[EventCountry "USA"]
[SourceTitle "EXT 2024"]
[Source "ChessBase"]
[SourceDate "2023.10.10"]
[SourceVersion "1"]
[SourceVersionDate "2023.10.10"]
[SourceQuality "1"]

1. d4 Nf6 2. Bg5 c5 3. Bxf6 exf6 4. Nc3 d5 5. e3 Nc6 6. Nge2 Be6 7. g3 c4 8. Bg2 Bb4 9. 0-0 0-0 10. a3 Ba5 11. b4 cxb3 12. cxb3 a6 13. b4 Bc7 14. Qb3 Ne7 15. b5 Qd6 16. Nf4 Rfd8 17. Rfc1 Ba5 18. Na4 axb5 19. Nc5 b6 20. Nb7 Qd7 21. Nxd8 Rxd8 22. Rab1 Bf5 23. Rb2 Be4 24. Qxb5 Bxg2 25. Qxd7 Rxd7 26. Kxg2 g6 27. Rb5 Kf8 28. Nd3 Ke8 29. Rc2 Kd8 30. Nc1 Nc8 31. Rb1 Nd6 32. Rc6 f5 33. Nb3 Nc4 34. Nxa5 bxa5 35. Rb5 Ke7 36. a4 h6 37. h3 h5 38. Rbc5 Rd6 39. Rxd6 Kxd6 40. Kf3 Ke6 41. Ke2 Kd6 42. Kd3 Nb2+ 43. Kd2 Nxa4 44. Rxa5 Nb6 45. Kc3 Nc4 46. Ra6+ Ke7 47. Rc6 Nd6 48. f3 g5 49. Kd3 g4 50. Rc1 gxf3 51. Rf1 Ke6 52. Rxf3 Ne4 53. Ke2 Ng5 54. Rf1 Nxh3 55. Rh1 Ng5 56. Rxh5 Ne4 57. Rh6+ f6 58. Kf3 Nd2+ 59. Kf4 Ne4 60. Rh5 Nf2 61. Rxf5 Nd3+ 62. Kg4 Ne1 63. Rf2 Nd3 64. Rd2 Nb4 65. Rb2 Nd3 66. Rb6+ Kf7 67. Kf5 1-0

[Event "Titled Tuesday intern op 15th Aug Late"]
[Site "Chess.com INT"]
[Date "2023.08.15"]
[Round "9"]
[White "Korchmar, Vasiliy"]
[Black "Blackburn, Jonathan LB"]
[Result "1-0"]
[WhiteElo "2438"]
[BlackElo "2197"]
[PlyCount "49"]
[EventDate "2023.08.15"]
[EventType "swiss (blitz)"]
[EventRounds "11"]
[EventCountry "USA"]
[SourceTitle "EXT 2024"]
[Source "ChessBase"]
[SourceDate "2023.10.10"]
[SourceVersion "1"]
[SourceVersionDate "2023.10.10"]
[SourceQuality "1"]

1. e4 e6 2. d4 d5 3. e5 c5 4. c3 Qb6 5. Nf3 Bd7 6. Be2 Bb5 7. 0-0 Bxe2 8. Qxe2 Qa6 9. Qd1 cxd4 10. Nxd4 Nc6 11. a4 Nxd4 12. cxd4 Ne7 13. Nc3 Nf5 14. g4 Nh4 15. Bg5 Be7 16. Bxh4 Bxh4 17. Nb5 Qb6 18. Nd6+ Ke7 19. a5 Qa6 20. Qc2 Rad8 21. f4 f6 22. Qc5 Qe2 23. Nf5+ Kf7 24. Qe7+ Kg6 25. Qxg7# 1-0

[Event "Titled Tuesday intern op 15th Aug Late"]
[Site "Chess.com INT"]
[Date "2023.08.15"]
[Round "6"]
[White "Przybylski, Wojciech"]
[Black "Blackburn, Jonathan LB"]
[Result "0-1"]
[WhiteElo "2308"]
[BlackElo "2197"]
[PlyCount "78"]
[EventDate "2023.08.15"]
[EventType "swiss (blitz)"]
[EventRounds "11"]
[EventCountry "USA"]
[SourceTitle "EXT 2024"]
[Source "ChessBase"]
[SourceDate "2023.10.10"]
[SourceVersion "1"]
[SourceVersionDate "2023.10.10"]
[SourceQuality "1"]

1. d4 Nf6 2. c4 g6 3. Nf3 Bg7 4. Nc3 d6 5. g3 0-0 6. Bg2 c5 7. 0-0 Nc6 8. e3 Bf5 9. a3 Ne4 10. Nxe4 Bxe4 11. d5 Na5 12. Nd2 Bd3 13. Qa4 Bxf1 14. Bxf1 a6 15. b4 Bxa1 16. bxa5 Bc3 17. Ne4 Qxa5 18. Qb3 Bg7 19. h4 b5 20. Bd2 bxc4 21. Bxc4 Qc7 22. h5 Rfb8 23. Qa4 Rb1+ 24. Kg2 Qc8 25. Bd3 Rb2 26. Bc1 Rb6 27. Qc4 Rab8 28. Ng5 h6 29. Ne4 f5 30. Nd2 g5 31. Qc2 Qb7 32. Bxf5 Qxd5+ 33. Be4 Qf7 34. Bg6 Qf6 35. Nc4 Rb1 36. Be4 Qc3 37. Bd5+ Kh8 38. Qg6 Qxc1 39. Be4 Qh1# 0-1

[Event "Newcastle under Lyme"]
[Site "Newcastle under Lyme"]
[Date "2023.08.13"]
[Round "9"]
[White "Blackburn, Jonathan LB"]
[Black "Lee, Richard WY"]
[Result "0-1"]
[WhiteElo "2197"]
[BlackElo "2094"]
[PlyCount "68"]
[EventDate "2023.08.09"]
[EventType "tourn"]
[EventRounds "9"]
[EventCountry "ENG"]
[SourceTitle "CBM 215 Extra"]
[Source "ChessBase"]
[SourceDate "2023.09.30"]
[SourceVersion "1"]
[SourceVersionDate "2023.09.30"]
[SourceQuality "1"]

1. d4 d5 2. c4 e6 3. Nc3 Nf6 4. Nf3 c5 5. cxd5 Nxd5 6. e4 Nxc3 7. bxc3 cxd4 8. cxd4 Bb4+ 9. Bd2 Bxd2+ 10. Qxd2 0-0 11. Bc4 Nd7 12. 0-0 b6 13. Rad1 Bb7 14. Rfe1 Rc8 15. Bb3 Qe7 16. d5 exd5 17. exd5 Qd6 18. Nd4 Qf6 19. Ba4 Rfd8 20. Bc6 Ba6 21. Qe3 Nc5 22. Bb5 Bb7 23. Nc6 Bxc6 24. Bxc6 h6 25. g3 Qd6 26. a4 a5 27. h4 Rc7 28. Kh2 Nd7 29. f4 Kh8 30. g4 g5 31. hxg5 hxg5 32. Kg3 f6 33. Bxd7 gxf4+ 34. Qxf4 Rc3+ 0-1